00523nam a2200181 a 4500001001300000003000900013005001700022008004100039020001000080082001300090100002700103245008100130260003200211300000900243500003500252650002700287700002700314nice12345678IN_TiNIC20260116011704.0070621s1970 hara grm 000 0 eng  ac10000a206bLEL aLelvis, Particia Marie aHenry Martyn Institute of Islamic Studies of IndiabIts History and Function aHartfordbConnecticutc1970 a125p aincludes index and biblioraphy aHenry Martyn Institute1 aLelvis, Particia Marie